000 00401nam a22001337a 4500
005 20241111135201.0
008 241111b |||||||| |||| 00| 0 eng d
020 _a9780406934451
245 _aThe All England Law Reports 2001 Vol. 4
_cEdited by Rose Craig, Barrister
260 _aLondon
_bButterworths
_c2001
300 _axx, 1024 pages
_c23.5 cm
650 _2Law Reports
_xEngland
942 _2lcc
_cBK
_n0
999 _c1004
_d1004